Quelles musiques n'existent pas ? - Statistiques

Statistiques générales
  • Ce quiz a été pris 310 fois
  • Le résultat moyen est 4 sur 15
Statistiques - réponses
Question Réponse % Correct
PLK Rafale
44%
PNL Voyage
44%
Booba Ici
41%
Zola Zoulette
38%
Ninho Guitare
33%
Jul Ghetto
31%
Koba LaD Racailles
31%
Djadja & Dinaz Au pied de ma tour
28%
Sofiane Rouge
28%
Lacrim Rêves
26%
Maes Absent
21%
DA Uzi Méchant
21%
SCH 9m
18%
Niska Glock
15%
ISK Pochon
3%
Aucun quiz correspondant
Distribution des résultats
% des personnes avec chaque résultat
Percentile par nombre de réponses
Votre historique - résultats
Vous n’avez pas pris ce quiz